Countries that start and end with the same letter - Statistics

General Stats
  • This quiz has been taken 13 times
  • The average score is 6 of 13
Answer Stats
Country % Correct
Angola
91%
Armenia
91%
Albania
82%
Andorra
64%
Australia
64%
Austria
55%
Algieria
45%
Argentina
45%
Seychelles
27%
Solomon Islands
27%
Antigua and Barbuda
18%
Saint Kitts and Nevis
9%
Saint Vincent and the Grenadines
9%
No matching quizzes found
Score Distribution
Percent of People with Each Score
Percentile by Number Answered
Your Score History
You have not taken this quiz